| 000 | 01080nam0a2200253 4500 | ||
|---|---|---|---|
| 001 | RU\NLR\BIBL_A\010695580 | ||
| 005 | 20260406112624.0 | ||
| 035 | _a(NLR Aleph) 010695580 | ||
| 090 |
_a9701912 _c9701912 |
||
| 100 | _a20150312d1972 |||y0rusy50 ca | ||
| 101 | 1 |
_asah _crus |
|
| 102 | _aRU | ||
| 105 | _aa z 000yy | ||
| 200 | 1 |
_aБөкчөгөркөөн соноҕосчоон _fП. П. Ершов _g[пер. Савинна С. А.] |
|
| 210 |
_aЯкутскай _cСаха сиринээҕи кинигэ изд-вота _d1972 |
||
| 215 |
_a108,[3] с. _cил. _d21 |
||
| 541 | 1 |
_aКонёк-Горбунок _eдля детей мл. и сред. шк. возраста. _zrus |
|
| 686 | 1 | _aШ9(2)672=Я-5 | |
| 700 | 1 |
_4070 _7ca _8rus _aЕршов _bП. П. _cписатель _f1815-1869 _gПетр Павлович _3RU\NLR\AUTH\7789 _9110191 |
|
| 702 | 1 |
_4730 _aСаввин _bС. А. _f1903-1970 _gСтепан Афанасьевич _9168716 _3RU\NLR\AUTH\770168766 |
|
| 852 |
_aNLR _bОНЛ _jЯкут./3-1682 |
||
| 942 | _cBOOK | ||
| 980 | _aNB | ||